[Event "47th GRE-chT 2019"]
[Site "Patra"]
[Date "2019.07.06"]
[Round "7.5"]
[White "Botsari, Anna-Maria"]
[Black "Zawadzka, Jolanta"]
[Result "1/2-1/2"]
[WhiteElo "2233"]
[BlackElo "2422"]
[Annotator "NA"]
[PlyCount "61"]
[EventDate "2019.07.02"]
[EventCountry "GRE"]
[SourceTitle "playchess.com"]
[Source "ChessBase"]
[SourceQuality "1"]
[TimeControl "5400+30"]

1. d4 {[%emt 0:05:03]} Nf6 {[%emt 0:00:00]} 2. c4 {[%emt 0:01:10]} g6 {[%emt 0:00:00]} 3. Nf3 {[%emt 0:00:04]} Bg7 {[%emt 0:00:00]} 4. e3 {[%emt 0:00:02]} O-O {[%emt 0:00:01]} 5. Be2 {[%emt 0:00:08]} d6 {[%emt 0:00:06]} 6. Nc3 {[%emt 0:00:03]} Bf5 {[%emt 0:00:10]} 7. O-O {[%emt 0:02:34]} a5 {[%emt 0:00:12]} 8. b3 {[%emt 0:06:07]} e5 {[%emt 0:01:01]} 9. dxe5 {[%emt 0:01:37]} dxe5 {[%emt 0:01:16]} 10. Ba3 {[%emt 0:01:06]} Qxd1 {[%emt 0:11:24]} 11. Raxd1 {[%emt 0:00:39]} Re8 {[%emt 0:00:18]} 12. Nb5 {[%emt 0:04:02]} Na6 {[%emt 0:01:50]} 13. Bb2 {[%emt 0:01:35]} Ne4 {[%emt 0:04:12]} 14. Bd3 {[%emt 0:12:19]} Bf6 {[%emt 0:24:19]} 15. g4 {[%emt 0:08:15]} Ng5 {[%emt 0:04:44]} 16. Nxg5 {[%emt 0:03:24]} Bxd3 {[%emt 0:00:12]} 17. Nxh7 {[%emt 0:02:54]} Kxh7 {[%emt 0:00:03]} 18. Rxd3 {[%emt 0:00:05]} e4 {[%emt 0:06:55]} 19. Rd2 {[%emt 0:00:21]} Bxb2 {[%emt 0:00:17]} 20. Rxb2 {[%emt 0:00:03]} Rad8 {[%emt 0:00:32]} 21. f3 {[%emt 0:04:11]} Rd7 {[%emt 0:09:09]} 22. Nc3 {[%emt 0:01:35]} Nc5 {[%emt 0:02:05]} 23. Nd5 {[%emt 0:04:20]} Kg7 {[%emt 0:00:54]} 24. g5 {[%emt 0:02:19]} Rh8 {[%emt 0:09:25]} 25. Rg2 {[%emt 0:02:27]} c6 {[%emt 0:07:50]} 26. Nf6 {[%emt 0:01:22]} exf3 {[%emt 0:00:20]} 27. Rxf3 {[%emt 0:02:33]} Rd1+ {[%emt 0:00:09]} 28. Rf1 {[%emt 0:01:05]} Rd3 {[%emt 0:03:46]} 29. Rf3 {[%emt 0:08:14]} Rd1+ {[%emt 0:00:07]} 30. Rf1 {[%emt 0:00:03]} Rd3 {[%emt 0:00:05]} 31. Rf3 {[%emt 0:00:30]} 1/2-1/2

[Event "47th GRE-chT 2019"]
[Site "Patra"]
[Date "2019.07.06"]
[Round "7.6"]
[White "Pasoglou, Ekaterini"]
[Black "Avramidou, Anastasia"]
[Result "1/2-1/2"]
[WhiteElo "1804"]
[BlackElo "2260"]
[Annotator "NA"]
[PlyCount "107"]
[EventDate "2019.07.02"]
[EventCountry "GRE"]
[SourceTitle "playchess.com"]
[Source "ChessBase"]
[SourceQuality "1"]
[TimeControl "5400+30"]

1. d4 {[%emt 0:05:34]} Nf6 {[%emt 0:00:00]} 2. Nf3 {[%emt 0:00:07]} g6 {[%emt 0:00:00]} 3. Bg5 {[%emt 0:00:09]} Bg7 {[%emt 0:00:00]} 4. Nbd2 {[%emt 0:01:24]} O-O {[%emt 0:02:21]} 5. c3 {[%emt 0:02:40]} d6 {[%emt 0:02:35]} 6. e4 {[%emt 0:03:34]} c6 {[%emt 0:01:36]} 7. Be2 {[%emt 0:01:08]} Qc7 {[%emt 0:03:19]} 8. h3 {[%emt 0:01:43]} e5 {[%emt 0:01:23]} 9. dxe5 {[%emt 0:00:09]} dxe5 {[%emt 0:03:29]} 10. Qc2 {[%emt 0:01:08]} Nbd7 {[%emt 0:03:38]} 11. Be3 {[%emt 0:04:06]} Re8 {[%emt 0:05:39]} 12. a4 {[%emt 0:19:22]} b6 {[%emt 0:05:36]} 13. O-O {[%emt 0:13:39]} Nf8 {[%emt 0:03:51]} 14. Rad1 {[%emt 0:05:48]} Nh5 {[%emt 0:07:53]} 15. Nc4 {[%emt 0:05:18]} Be6 {[%emt 0:15:36]} 16. Ng5 {[%emt 0:00:06]} Nf4 {[%emt 0:00:06]} 17. Nxe6 {[%emt 0:02:04]} Nxe2+ {[%emt 0:00:08]} 18. Qxe2 {[%emt 0:00:05]} Nxe6 {[%emt 0:01:01]} 19. g3 {[%emt 0:08:05]} Re7 {[%emt 0:20:46]} 20. f4 {[%emt 0:06:25]} exf4 {[%emt 0:00:36]} 21. gxf4 {[%emt 0:05:56]} Rd7 {[%emt 0:07:34]} 22. Qg4 {[%emt 0:05:10]} Rxd1 {[%emt 0:00:40]} 23. Rxd1 {[%emt 0:00:28]} Rd8 {[%emt 0:06:03]} 24. Rf1 {[%emt 0:02:09]} h5 {[%emt 0:01:37]} 25. Qg2 {[%emt 0:02:00]} b5 {[%emt 0:02:21]} 26. Na3 {[%emt 0:02:33]} b4 {[%emt 0:01:35]} 27. Nb1 {[%emt 0:00:28]} bxc3 {[%emt 0:02:14]} 28. bxc3 {[%emt 0:01:20]} Bh6 {[%emt 0:00:47]} 29. e5 {[%emt 0:00:52]} Rd3 {[%emt 0:01:17]} 30. Qe4 {[%emt 0:00:26]} Rxe3 {[%emt 0:00:04]} 31. Qxe3 {[%emt 0:00:04]} Bxf4 {[%emt 0:00:39]} 32. Rxf4 {[%emt 0:00:03]} Nxf4 {[%emt 0:00:21]} 33. Qxf4 {[%emt 0:00:03]} Qb6+ {[%emt 0:00:35]} 34. Kg2 {[%emt 0:00:06]} Qxb1 {[%emt 0:00:21]} 35. Qd4 {[%emt 0:01:08]} Qf5 {[%emt 0:00:45]} 36. Qxa7 {[%emt 0:00:28]} Qe4+ {[%emt 0:00:28]} 37. Kf2 {[%emt 0:01:12]} Qc2+ {[%emt 0:00:46]} 38. Kf3 {[%emt 0:00:32]} Qxc3+ {[%emt 0:00:05]} 39. Qe3 {[%emt 0:00:32]} Qc4 {[%emt 0:00:00]} 40. Qe4 {[%emt 0:00:00]} Qf1+ {[%emt 0:00:00]} 41. Kg3 {[%emt 0:00:00]} Qg1+ {[%emt 0:00:00]} 42. Kf4 {[%emt 0:00:00]} Qh2+ {[%emt 0:00:00]} 43. Kg5 {[%emt 0:00:00]} Kg7 {[%emt 0:00:00]} 44. Qf4 {[%emt 0:00:00]} Qg1+ {[%emt 0:00:00]} 45. Kh4 {[%emt 0:00:00]} c5 {[%emt 0:00:00]} 46. Qf6+ {[%emt 0:00:00]} Kg8 {[%emt 0:00:00]} 47. e6 {[%emt 0:00:00]} Qe1+ {[%emt 0:00:00]} 48. Kg5 {[%emt 0:00:00]} Qe3+ {[%emt 0:00:00]} 49. Kh4 {[%emt 0:00:02]} Qe4+ {[%emt 0:00:00]} 50. Kg5 {[%emt 0:00:06]} Qe3+ {[%emt 0:00:00]} 51. Kh4 {[%emt 0:00:14]} Qe4+ {[%emt 0:00:00]} 52. Kg5 {[%emt 0:00:13]} Qe3+ {[%emt 0:00:00]} 53. Kh4 {[%emt 0:02:26]} Qe4+ {[%emt 0:00:00]} 54. Kg5 {[%emt 0:00:38]} 1/2-1/2

[Event "47th GRE-chT 2019"]
[Site "Patra"]
[Date "2019.07.06"]
[Round "7.6"]
[White "Stratigi, Evangelia"]
[Black "Mastrakouli, Evagelia"]
[Result "1/2-1/2"]
[WhiteElo "1624"]
[BlackElo "1788"]
[Annotator "NA"]
[PlyCount "85"]
[EventDate "2019.07.02"]
[EventCountry "GRE"]
[SourceTitle "playchess.com"]
[Source "ChessBase"]
[SourceQuality "1"]
[TimeControl "5400+30"]

1. e4 {[%emt 0:00:00]} c5 {[%emt 0:00:07]} 2. Nf3 {[%emt 0:00:00]} Nc6 {[%emt 0:00:38]} 3. Bc4 {[%emt 0:00:37]} e6 {[%emt 0:00:15]} 4. O-O {[%emt 0:02:17]} a6 {[%emt 0:03:58]} 5. Re1 {[%emt 0:00:17]} b5 {[%emt 0:01:18]} 6. Bf1 {[%emt 0:00:36]} Nf6 {[%emt 0:01:48]} 7. c3 {[%emt 0:01:29]} c4 {[%emt 0:05:25]} 8. b3 {[%emt 0:10:54]} cxb3 {[%emt 0:05:20]} 9. axb3 {[%emt 0:01:09]} Qb6 {[%emt 0:03:48]} 10. d4 {[%emt 0:05:32]} d5 {[%emt 0:01:46]} 11. e5 {[%emt 0:05:06]} Nd7 {[%emt 0:01:47]} 12. b4 {[%emt 0:07:11]} Be7 {[%emt 0:09:42]} 13. Qd3 {[%emt 0:04:05]} Qc7 {[%emt 0:05:20]} 14. Na3 {[%emt 0:06:06]} Bb7 {[%emt 0:05:22]} 15. Ng5 {[%emt 0:08:22]} h6 {[%emt 0:02:13]} 16. Qh3 {[%emt 0:03:34]} Nb6 {[%emt 0:21:36]} 17. Bd3 {[%emt 0:06:38]} Rc8 {[%emt 0:04:46]} 18. Qh5 {[%emt 0:08:52]} Nd8 {[%emt 0:02:57]} 19. Bd2 {[%emt 0:06:55]} Bxg5 {[%emt 0:04:12]} 20. Bxg5 {[%emt 0:02:52]} Qxc3 {[%emt 0:01:38]} 21. Bxd8 {[%emt 0:01:58]} Rxd8 {[%emt 0:01:21]} 22. Bxb5+ {[%emt 0:03:04]} axb5 {[%emt 0:01:42]} 23. Nxb5 {[%emt 0:01:28]} Qxb4 {[%emt 0:00:15]} 24. Reb1 {[%emt 0:03:28]} Qe7 {[%emt 0:01:52]} 25. Ra7 {[%emt 0:02:35]} Nc8 {[%emt 0:05:53]} 26. Nd6+ {[%emt 0:01:57]} Rxd6 {[%emt 0:04:37]} 27. Rbxb7 {[%emt 0:02:10]} Rc6 {[%emt 0:02:14]} 28. Rxe7+ {[%emt 0:00:36]} Nxe7 {[%emt 0:00:03]} 29. h3 {[%emt 0:00:57]} Ng6 {[%emt 0:01:29]} 30. Qd1 {[%emt 0:01:14]} O-O {[%emt 0:00:12]} 31. g3 {[%emt 0:01:21]} Rfc8 {[%emt 0:00:18]} 32. Kg2 {[%emt 0:00:29]} Rc1 {[%emt 0:01:08]} 33. Qf3 {[%emt 0:01:22]} Rf8 {[%emt 0:00:41]} 34. Qa3 {[%emt 0:00:28]} Rc4 {[%emt 0:00:14]} 35. Qa1 {[%emt 0:00:32]} f6 {[%emt 0:00:42]} 36. exf6 {[%emt 0:00:46]} Rxf6 {[%emt 0:00:34]} 37. Ra8+ {[%emt 0:00:27]} Kh7 {[%emt 0:00:17]} 38. Ra2 {[%emt 0:00:50]} Ne7 {[%emt 0:00:31]} 39. Ra4 {[%emt 0:00:26]} Rc2 {[%emt 0:00:29]} 40. Qf1 {[%emt 0:00:00]} Nf5 {[%emt 0:00:00]} 41. Qd3 {[%emt 0:00:00]} Rb2 {[%emt 0:00:00]} 42. g4 {[%emt 0:00:00]} Rg6 {[%emt 0:00:00]} 43. Kf1 {[%emt 0:00:00]} 1/2-1/2

[Event "47th GRE-chT 2019"]
[Site "Patra"]
[Date "2019.07.06"]
[Round "7.7"]
[White "Arapkoule, Eirini"]
[Black "Pasoglou, Nikoleta"]
[Result "0-1"]
[WhiteElo "1370"]
[BlackElo "1258"]
[Annotator "NA"]
[PlyCount "52"]
[EventDate "2019.07.02"]
[EventCountry "GRE"]
[SourceTitle "playchess.com"]
[Source "ChessBase"]
[SourceQuality "1"]
[TimeControl "5400+30"]

1. d4 {[%emt 0:00:00]} Nf6 {[%emt 0:00:00]} 2. Nf3 {[%emt 0:00:00]} e6 {[%emt 0:00:00]} 3. e3 {[%emt 0:00:01]} b6 {[%emt 0:00:02]} 4. Bd3 {[%emt 0:00:28]} Bb7 {[%emt 0:00:09]} 5. O-O {[%emt 0:00:21]} d5 {[%emt 0:00:11]} 6. b3 {[%emt 0:00:18]} Bd6 {[%emt 0:00:21]} 7. Bb2 {[%emt 0:00:30]} O-O {[%emt 0:00:17]} 8. Nbd2 {[%emt 0:00:37]} Ne4 {[%emt 0:01:05]} 9. c4 {[%emt 0:00:47]} Nd7 {[%emt 0:01:34]} 10. Qe2 {[%emt 0:01:16]} f5 {[%emt 0:05:11]} 11. Ne5 {[%emt 0:03:27]} Bxe5 {[%emt 0:05:56]} 12. dxe5 {[%emt 0:00:18]} Ndc5 {[%emt 0:16:18]} 13. cxd5 {[%emt 0:08:55]} Nxd2 {[%emt 0:03:04]} 14. Qxd2 {[%emt 0:10:51]} Qxd5 {[%emt 0:00:17]} 15. f3 {[%emt 0:03:38]} Qxd3 {[%emt 0:01:07]} 16. Qxd3 {[%emt 0:00:10]} Nxd3 {[%emt 0:00:04]} 17. Ba3 {[%emt 0:00:19]} Rfd8 {[%emt 0:00:47]} 18. f4 {[%emt 0:00:37]} Rd7 {[%emt 0:04:07]} 19. Rfd1 {[%emt 0:00:51]} Rad8 {[%emt 0:00:22]} 20. Rd2 {[%emt 0:02:22]} Nxe5 {[%emt 0:03:37]} 21. Rxd7 {[%emt 0:00:10]} Nxd7 {[%emt 0:00:03]} 22. Rd1 {[%emt 0:00:14]} Bc6 {[%emt 0:00:54]} 23. Rc1 {[%emt 0:00:25]} Nb8 {[%emt 0:01:04]} 24. Bb4 {[%emt 0:01:17]} a5 {[%emt 0:03:31]} 25. Bc3 {[%emt 0:00:56]} Be4 {[%emt 0:03:19]} 26. Be5 {[%emt 0:00:39]} Na6 {[%emt 0:00:16]} 0-1

[Event "47th GRE-chT 2019"]
[Site "Patra"]
[Date "2019.07.06"]
[Round "7.7"]
[White "Giannoulaki, Ermofili"]
[Black "Kaliontzaki, Argyro Evanthia"]
[Result "1/2-1/2"]
[WhiteElo "1269"]
[BlackElo "1324"]
[Annotator "NA"]
[PlyCount "82"]
[EventDate "2019.07.02"]
[EventCountry "GRE"]
[SourceTitle "playchess.com"]
[Source "ChessBase"]
[SourceQuality "1"]
[TimeControl "5400+30"]

1. d4 {[%emt 0:00:24]} Nf6 {[%emt 0:00:00]} 2. Nf3 {[%emt 0:00:45]} e6 {[%emt 0:00:00]} 3. e3 {[%emt 0:00:03]} d5 {[%emt 0:00:00]} 4. Bd3 {[%emt 0:00:15]} Bd6 {[%emt 0:00:07]} 5. b3 {[%emt 0:00:11]} O-O {[%emt 0:00:42]} 6. O-O {[%emt 0:00:08]} b6 {[%emt 0:00:32]} 7. Bb2 {[%emt 0:00:19]} Bb7 {[%emt 0:00:34]} 8. Nbd2 {[%emt 0:00:15]} c5 {[%emt 0:03:20]} 9. c4 {[%emt 0:00:19]} cxd4 {[%emt 0:02:03]} 10. exd4 {[%emt 0:00:09]} dxc4 {[%emt 0:03:15]} 11. bxc4 {[%emt 0:00:10]} Nc6 {[%emt 0:03:56]} 12. Ng5 {[%emt 0:09:31]} h6 {[%emt 0:06:40]} 13. Nge4 {[%emt 0:00:59]} Be7 {[%emt 0:01:03]} 14. Nf3 {[%emt 0:06:06]} Nb4 {[%emt 0:11:30]} 15. Nxf6+ {[%emt 0:00:56]} Bxf6 {[%emt 0:00:05]} 16. Be2 {[%emt 0:00:19]} Qd7 {[%emt 0:07:57]} 17. Ne5 {[%emt 0:15:42]} Bxe5 {[%emt 0:05:17]} 18. dxe5 {[%emt 0:00:08]} Rfd8 {[%emt 0:01:06]} 19. Qb3 {[%emt 0:06:55]} Na6 {[%emt 0:03:03]} 20. Rfd1 {[%emt 0:04:16]} Qc7 {[%emt 0:01:57]} 21. Qe3 {[%emt 0:10:36]} Rxd1+ {[%emt 0:10:56]} 22. Rxd1 {[%emt 0:00:16]} Rd8 {[%emt 0:00:13]} 23. Rxd8+ {[%emt 0:00:45]} Qxd8 {[%emt 0:00:06]} 24. Ba3 {[%emt 0:00:40]} Qd7 {[%emt 0:02:00]} 25. Bd6 {[%emt 0:01:43]} Qa4 {[%emt 0:02:10]} 26. Qb3 {[%emt 0:00:19]} Bc6 {[%emt 0:05:55]} 27. Kf1 {[%emt 0:13:19]} Nc5 {[%emt 0:03:01]} 28. Bxc5 {[%emt 0:04:56]} bxc5 {[%emt 0:00:10]} 29. Qxa4 {[%emt 0:01:01]} Bxa4 {[%emt 0:00:08]} 30. Ke1 {[%emt 0:00:53]} Kf8 {[%emt 0:00:54]} 31. Kd2 {[%emt 0:01:10]} Ke7 {[%emt 0:03:04]} 32. Kc3 {[%emt 0:01:26]} f6 {[%emt 0:07:17]} 33. exf6+ {[%emt 0:02:22]} gxf6 {[%emt 0:00:31]} 34. Bf3 {[%emt 0:01:43]} Kd6 {[%emt 0:01:39]} 35. Bb7 {[%emt 0:01:47]} Kc7 {[%emt 0:07:34]} 36. Ba6 {[%emt 0:01:17]} Kb6 {[%emt 0:01:58]} 37. Bc8 {[%emt 0:00:21]} e5 {[%emt 0:01:28]} 38. Kd3 {[%emt 0:05:04]} Bc6 {[%emt 0:01:55]} 39. g3 {[%emt 0:01:58]} Ka5 {[%emt 0:01:07]} 40. Kc3 {[%emt 0:00:00]} Ka4 {[%emt 0:00:00]} 41. Kb2 {[%emt 0:00:00]} Kb4 {[%emt 0:00:00]} 1/2-1/2

[Event "47th GRE-chT 2019"]
[Site "Patra"]
[Date "2019.07.06"]
[Round "7.8"]
[White "Spyropoulos, Nikolaos"]
[Black "Sotiropoulos, Anastasios-Theohar"]
[Result "1-0"]
[WhiteElo "2404"]
[BlackElo "1919"]
[Annotator "NA"]
[PlyCount "81"]
[EventDate "2019.07.02"]
[EventCountry "GRE"]
[SourceTitle "playchess.com"]
[Source "ChessBase"]
[SourceQuality "1"]
[TimeControl "5400+30"]

1. e4 {[%emt 0:00:00]} c6 {[%emt 0:00:00]} 2. d4 {[%emt 0:00:00]} d5 {[%emt 0:00:00]} 3. e5 {[%emt 0:00:00]} Bf5 {[%emt 0:00:00]} 4. h4 {[%emt 0:00:09]} h6 {[%emt 0:00:00]} 5. g4 {[%emt 0:00:05]} Bd7 {[%emt 0:00:00]} 6. h5 {[%emt 0:00:26]} c5 {[%emt 0:01:09]} 7. dxc5 {[%emt 0:06:33]} e6 {[%emt 0:01:56]} 8. Be3 {[%emt 0:01:59]} Qc7 {[%emt 0:03:17]} 9. f4 {[%emt 0:02:19]} Bxc5 {[%emt 0:00:13]} 10. Bxc5 {[%emt 0:00:24]} Qxc5 {[%emt 0:00:05]} 11. Qd2 {[%emt 0:00:38]} Nc6 {[%emt 0:13:23]} 12. Nc3 {[%emt 0:03:54]} a6 {[%emt 0:08:00]} 13. Nf3 {[%emt 0:12:22]} Nge7 {[%emt 0:04:46]} 14. Bd3 {[%emt 0:07:11]} O-O-O {[%emt 0:17:32]} 15. O-O-O {[%emt 0:02:37]} Kb8 {[%emt 0:05:32]} 16. Kb1 {[%emt 0:03:16]} Na7 {[%emt 0:03:46]} 17. Rhg1 {[%emt 0:01:40]} Bb5 {[%emt 0:05:54]} 18. Nxb5 {[%emt 0:11:18]} Nxb5 {[%emt 0:00:05]} 19. g5 {[%emt 0:00:12]} Nc6 {[%emt 0:06:13]} 20. gxh6 {[%emt 0:14:33]} gxh6 {[%emt 0:00:14]} 21. Rg7 {[%emt 0:00:20]} Rdf8 {[%emt 0:03:33]} 22. c3 {[%emt 0:08:13]} Nc7 {[%emt 0:05:31]} 23. Rdg1 {[%emt 0:05:03]} Ne8 {[%emt 0:02:11]} 24. R7g2 {[%emt 0:02:35]} Nc7 {[%emt 0:08:28]} 25. Bc2 {[%emt 0:03:23]} Qe7 {[%emt 0:01:57]} 26. Qf2 {[%emt 0:01:41]} Qd8 {[%emt 0:02:55]} 27. Rg7 {[%emt 0:01:28]} Ne8 {[%emt 0:00:16]} 28. R7g4 {[%emt 0:00:43]} Qe7 {[%emt 0:06:09]} 29. Nh4 {[%emt 0:00:30]} Nc7 {[%emt 0:00:23]} 30. Bd3 {[%emt 0:03:19]} Qd7 {[%emt 0:00:27]} 31. a3 {[%emt 0:00:42]} d4 {[%emt 0:00:46]} 32. c4 {[%emt 0:00:11]} a5 {[%emt 0:00:28]} 33. Qd2 {[%emt 0:00:43]} Rc8 {[%emt 0:00:36]} 34. Rg7 {[%emt 0:01:16]} Ne8 {[%emt 0:00:10]} 35. R7g3 {[%emt 0:00:22]} Qd8 {[%emt 0:00:54]} 36. Nf3 {[%emt 0:00:06]} Rf8 {[%emt 0:00:36]} 37. f5 {[%emt 0:00:48]} Rh8 {[%emt 0:00:14]} 38. Qf4 {[%emt 0:01:07]} f6 {[%emt 0:00:35]} 39. exf6+ {[%emt 0:01:49]} e5 {[%emt 0:00:09]} 40. Nxe5 {[%emt 0:00:00]} Ka8 {[%emt 0:00:00]} 41. Nf7 {[%emt 0:00:00]} 1-0

[Event "47th GRE-chT 2019"]
[Site "Patra"]
[Date "2019.07.06"]
[Round "7.8"]
[White "Kazakos, Markos"]
[Black "Kouskoutis, Georgios-Alexandros"]
[Result "1/2-1/2"]
[WhiteElo "2069"]
[BlackElo "2256"]
[Annotator "NA"]
[PlyCount "106"]
[EventDate "2019.07.02"]
[EventCountry "GRE"]
[SourceTitle "playchess.com"]
[Source "ChessBase"]
[SourceQuality "1"]
[TimeControl "5400+30"]

1. Nf3 {[%emt 0:00:00]} c5 {[%emt 0:00:00]} 2. g3 {[%emt 0:00:00]} g6 {[%emt 0:00:00]} 3. Bg2 {[%emt 0:00:03]} Bg7 {[%emt 0:00:34]} 4. O-O {[%emt 0:00:07]} Nc6 {[%emt 0:04:20]} 5. c4 {[%emt 0:00:27]} e5 {[%emt 0:00:23]} 6. Nc3 {[%emt 0:00:09]} Nge7 {[%emt 0:02:59]} 7. d3 {[%emt 0:00:19]} O-O {[%emt 0:03:29]} 8. Ne1 {[%emt 0:01:14]} d6 {[%emt 0:02:13]} 9. Nc2 {[%emt 0:01:43]} Rb8 {[%emt 0:01:54]} 10. Rb1 {[%emt 0:01:51]} a6 {[%emt 0:03:59]} 11. b4 {[%emt 0:04:10]} cxb4 {[%emt 0:00:37]} 12. Nxb4 {[%emt 0:01:43]} Bd7 {[%emt 0:19:09]} 13. Bd2 {[%emt 0:09:55]} Nxb4 {[%emt 0:00:09]} 14. Rxb4 {[%emt 0:12:22]} b5 {[%emt 0:01:18]} 15. cxb5 {[%emt 0:01:18]} axb5 {[%emt 0:05:50]} 16. Qb1 {[%emt 0:08:27]} Qe8 {[%emt 0:01:14]} 17. Rc1 {[%emt 0:08:59]} f5 {[%emt 0:03:12]} 18. Bg5 {[%emt 0:11:46]} Nc6 {[%emt 0:01:54]} 19. Rxb5 {[%emt 0:00:31]} Nd4 {[%emt 0:03:52]} 20. Rxb8 {[%emt 0:00:22]} Qxb8 {[%emt 0:10:14]} 21. Bd5+ {[%emt 0:04:34]} Kh8 {[%emt 0:04:20]} 22. e3 {[%emt 0:09:16]} Qxb1 {[%emt 0:00:06]} 23. Rxb1 {[%emt 0:00:10]} Ne6 {[%emt 0:02:12]} 24. Be7 {[%emt 0:00:11]} Rc8 {[%emt 0:09:05]} 25. Nb5 {[%emt 0:09:47]} Rb8 {[%emt 0:12:20]} 26. a4 {[%emt 0:00:13]} Rb6 {[%emt 0:02:25]} 27. a5 {[%emt 0:05:07]} Rxb5 {[%emt 0:00:07]} 28. Rxb5 {[%emt 0:00:02]} Bxb5 {[%emt 0:00:09]} 29. Bxe6 {[%emt 0:00:14]} Bxd3 {[%emt 0:00:53]} 30. Bc8 {[%emt 0:00:34]} d5 {[%emt 0:00:27]} 31. a6 {[%emt 0:00:12]} Bxa6 {[%emt 0:00:08]} 32. Bxa6 {[%emt 0:00:02]} Kg8 {[%emt 0:02:06]} 33. Bc8 {[%emt 0:00:53]} Kf7 {[%emt 0:00:20]} 34. Bd6 {[%emt 0:02:09]} e4 {[%emt 0:00:36]} 35. Bc5 {[%emt 0:00:08]} Bc3 {[%emt 0:01:14]} 36. Kf1 {[%emt 0:02:26]} Ba5 {[%emt 0:01:25]} 37. Ke2 {[%emt 0:00:23]} Bc3 {[%emt 0:02:25]} 38. Bd7 {[%emt 0:01:30]} Ba5 {[%emt 0:00:30]} 39. Kd1 {[%emt 0:00:15]} Bc3 {[%emt 0:00:00]} 40. Ba4 {[%emt 0:00:00]} Ba5 {[%emt 0:00:00]} 41. Ba3 {[%emt 0:00:00]} Bc3 {[%emt 0:00:00]} 42. Bb3 {[%emt 0:00:00]} Ke6 {[%emt 0:00:00]} 43. Bc1 {[%emt 0:00:00]} g5 {[%emt 0:00:00]} 44. Bd2 {[%emt 0:00:00]} Be5 {[%emt 0:00:00]} 45. Kc2 {[%emt 0:00:00]} h5 {[%emt 0:00:00]} 46. Ba4 {[%emt 0:00:00]} h4 {[%emt 0:00:00]} 47. Kb3 {[%emt 0:00:00]} Bd6 {[%emt 0:00:00]} 48. Bb5 {[%emt 0:00:00]} Bc5 {[%emt 0:03:40]} 49. Ba6 {[%emt 0:01:04]} f4 {[%emt 0:01:01]} 50. Bc8+ {[%emt 0:02:14]} Kf7 {[%emt 0:01:26]} 51. exf4 {[%emt 0:00:39]} Bxf2 {[%emt 0:00:38]} 52. fxg5 {[%emt 0:00:36]} hxg3 {[%emt 0:00:07]} 53. hxg3 {[%emt 0:00:14]} e3 {[%emt 4:46:00]} 1/2-1/2

[Event "47th GRE-chT 2019"]
[Site "Patra"]
[Date "2019.07.06"]
[Round "7.9"]
[White "Chatzieleftheriou, Andreas"]
[Black "Tsarsitalidis, Konstantinos"]
[Result "0-1"]
[WhiteElo "2208"]
[BlackElo "2001"]
[Annotator "NA"]
[PlyCount "74"]
[EventDate "2019.07.02"]
[EventCountry "GRE"]
[SourceTitle "playchess.com"]
[Source "ChessBase"]
[SourceQuality "1"]
[TimeControl "5400+30"]

1. e4 {[%emt 0:00:00]} c5 {[%emt 0:00:00]} 2. Be2 {[%emt 0:00:00]} a6 {[%emt 0:00:18]} 3. d3 {[%emt 0:00:00]} Nc6 {[%emt 0:01:45]} 4. f4 {[%emt 0:00:24]} e6 {[%emt 0:02:29]} 5. Nf3 {[%emt 0:00:47]} d5 {[%emt 0:01:10]} 6. O-O {[%emt 0:00:50]} Be7 {[%emt 0:00:15]} 7. c3 {[%emt 0:02:55]} d4 {[%emt 0:01:35]} 8. a4 {[%emt 0:04:01]} Rb8 {[%emt 0:01:35]} 9. Na3 {[%emt 0:02:08]} b5 {[%emt 0:02:15]} 10. axb5 {[%emt 0:03:39]} axb5 {[%emt 0:00:07]} 11. Nc2 {[%emt 0:00:23]} Nf6 {[%emt 0:02:01]} 12. Kh1 {[%emt 0:02:02]} O-O {[%emt 0:03:43]} 13. cxd4 {[%emt 0:12:24]} cxd4 {[%emt 0:05:06]} 14. b3 {[%emt 0:00:18]} Bc5 {[%emt 0:08:04]} 15. Bb2 {[%emt 0:00:32]} Bb7 {[%emt 0:03:15]} 16. Qe1 {[%emt 0:05:24]} Nh5 {[%emt 0:06:03]} 17. b4 {[%emt 0:03:36]} Bb6 {[%emt 0:02:30]} 18. Nd2 {[%emt 0:02:30]} Nf6 {[%emt 0:01:21]} 19. Nb3 {[%emt 0:00:22]} Rc8 {[%emt 0:01:55]} 20. Qd2 {[%emt 0:04:02]} Qd7 {[%emt 0:02:02]} 21. Bf3 {[%emt 0:04:27]} Rfd8 {[%emt 0:05:24]} 22. g4 {[%emt 0:06:34]} Qe7 {[%emt 0:03:30]} 23. Na5 {[%emt 0:07:49]} Bxa5 {[%emt 0:01:27]} 24. bxa5 {[%emt 0:00:03]} Ra8 {[%emt 0:00:24]} 25. e5 {[%emt 0:01:19]} Nd5 {[%emt 0:09:12]} 26. Nxd4 {[%emt 0:00:43]} Nxd4 {[%emt 0:00:59]} 27. Bxd4 {[%emt 0:00:01]} Nb4 {[%emt 0:00:32]} 28. Bb6 {[%emt 0:00:39]} Rxd3 {[%emt 0:01:19]} 29. Qg2 {[%emt 0:00:39]} Rxf3 {[%emt 0:00:59]} 30. Rxf3 {[%emt 0:00:04]} Nd5 {[%emt 0:07:52]} 31. Rb1 {[%emt 0:16:33]} Nxf4 {[%emt 0:02:04]} 32. Qg3 {[%emt 0:00:13]} Ne2 {[%emt 0:01:14]} 33. Qf2 {[%emt 0:00:49]} Nc3 {[%emt 0:00:28]} 34. Kg1 {[%emt 0:05:40]} Nxb1 {[%emt 0:00:43]} 35. Rb3 {[%emt 0:00:36]} Qd7 {[%emt 0:05:41]} 36. Rxb1 {[%emt 0:00:42]} Qd5 {[%emt 0:00:08]} 37. Kf1 {[%emt 0:00:25]} Qd3+ {[%emt 0:00:15]} 0-1